000 00659nam a2200265Ia 4500
005 20260306163620.0
008 008 260114s9999 xx 000 0 eng d
020 _a9781474460248
037 _aEBOOK
040 _aCRL
040 _beng
040 _cCRL
041 _2eng
041 _aeng
084 _qCRL
100 _aNetton
_9884327
245 0 _aIslam, Christianity And The Realms Of The Miraculous: A Comparative Exploration
260 _bEdinburgh University Press
260 _c2019
650 _aSocial Work
856 _uhttps://academic.oup.com/book/30986
942 _cEBOOK
999 _c1710813
_d1710813